000 00538nam a2200193Ia 4500
003 GCL
008 140319s9999 xx 000 0 ara d
040 _aGCL /
_cGCL
082 0 4 _a301.24
_bا ا
100 1 _aابراهيم مدكور
245 1 0 _aاحاديث اجتماعية وثقافية /
_cابراهيم مدكور
300 _a107 ص
490 _a100 قصة
_v0
650 0 4 _aمصر
650 0 4 _aالثقافة
650 0 4 _aالاحوال الثقافية
650 0 4 _aالتثقيف الذاتى
942 _2ddc
_cBK
999 _c45016
_d45016